Eléments de Mathématique: espaces vectoriels topologiques

Sparad:
Bibliografiska uppgifter
Huvudupphovsman: Bourbaki, Nicolás
Materialtyp: Bok
Språk:franska
Publicerad: París, Francia Hermann 1966
Upplaga:Segunda edición
Serie:Actualités Scientifiques et Industrielles. 1189
Ämnen:
Taggar: Lägg till en tagg
Inga taggar, Lägg till första taggen!

MARC

LEADER 00000nam a2200000 a 4500
001 UCP0596
003 CL-VaPUC
005 20250224152359.0
008 990313e19660000FR |||||||||||||||||fre|d
999 |c 279359  |d 279357 
040 |c Pontificia Universidad Católica de Valparaíso 
082 0 4 |a 515.73 BOU 1966  |2 21 
100 0 |a Bourbaki, Nicolás  |9 425963 
245 1 0 |a Eléments de Mathématique: espaces vectoriels topologiques 
250 |a Segunda edición 
260 0 3 |a París, Francia  |b Hermann  |c 1966 
300 |a 178 páginas 
490 0 |a Actualités Scientifiques et Industrielles.  |v 1189 
505 |a Chapitres 1 et 2: espaces vectoriels topologiques sur un corps valué, ensembles convexes et espaces localement . 
583 |a last modification  |c 19990313 00:00:00  |k Rodrigo Vera 
650 0 |a Espacios vectoriales topológicos   |9 424115 
650 7 |a ESPACIOS LOCALMENTE CONVEXOS  |2 CL-VaPUC  |9 424949 
650 7 |a ESPACIOS DE BANACH  |2 CL-VaPUC  |9 260167 
650 7 |a ESPACIOS DE FRECHET  |2 CL-VaPUC  |9 425964 
650 7 |a FUNCIONES CONVEXAS  |2 CL-VaPUC  |9 271278 
650 0 |a Topología algebraica   |9 269858 
942 |c BK  |2 ddc 
945 |d 19990313 00:00:00  |a crobeson 
952 |0 0  |1 0  |2 ddc  |4 0  |6 515_730000000000000_BOU_1966  |7 0  |8 A  |9 318454  |a BIBMAT  |b BIBMAT  |d 2019-11-20  |i 1322419  |o 515.73 BOU 1966  |p 1322419  |r 2025-01-07  |t 1  |w 2019-11-20  |y BK  |k MAT 
952 |0 0  |1 0  |2 ddc  |4 0  |6 515_730000000000000_BOU_1966  |7 0  |8 A  |9 318455  |a BIBMAT  |b BIBMAT  |d 2019-11-20  |i 1322478  |o 515.73 BOU 1966  |p 1322478  |r 2025-01-07  |t 2  |w 2019-11-20  |y BK  |k MAT